000 00238nam a2200109Ia 4500
008 190216s9999||||xx |||||||||||||| ||und||
100 _aV K N
245 0 _aKudineer
260 _bPoorna Pubs Kozhikode
650 _aKavithkal
942 _cBK
999 _c26065
_d26065